000 00637cam a22002173a 4500
001 41164
003 PGUSA
005 20140828083928.0
008 121024s2012||||xxu|||||s|||||000 | eng d
040 _aPGUSA
_beng
042 _adc
100 1 _aHowitt, William
245 1 0 _aHomes and Haunts of the Most Eminent British Poets, Vol. I (of 2)
_h[electronic resource] /
_cWilliam Howitt
260 _bProject Gutenberg,
_c2012
506 _aPublic domain in the USA.
516 _aElectronic text
700 1 _aHewet, Henry W.
830 0 _aProject Gutenberg
_v41164
856 4 0 _uhttp://www.gutenberg.org/ebooks/41164
942 _cEB
999 _c270416
_d270416